| 000 | 00842nam a2200289 a 4500 | ||
|---|---|---|---|
| 001 | 3081300 | ||
| 003 | OSt | ||
| 005 | 20161123142951.0 | ||
| 008 | 950823s1995 enk b 000 0 eng d | ||
| 010 | _a 97189287 | ||
| 015 | _aGB96-11959 | ||
| 020 | _a1874529523 | ||
| 035 | _a(OCoLC)33027559 | ||
| 040 |
_aUkCoU _cUkCoU _dDLC |
||
| 042 | _alccopycat | ||
| 050 | 0 | 0 |
_aHV6025 _b.S573 1995 |
| 082 | 0 | 0 |
_a301 _221 _bSOC 1995 |
| 100 |
_aEdited by Susan Caffrey; Gary Mundy _911313 |
||
| 245 | 0 | 4 |
_aThe Sociology of Crime and Deviance : _bselected issues _c. |
| 260 |
_bNew York University Press, _c1995. |
||
| 300 |
_axiii, 503 p. : _bill. ; _c25 cm. |
||
| 504 | _aIncludes bibliographies. | ||
| 650 | 0 |
_aSociology _98615 |
|
| 650 | 0 |
_aSocial deviant _98617 |
|
| 906 |
_a7 _bcbc _ccopycat _d2 _encip _f19 _gy-gencatlg |
||
| 942 |
_2ddc _cSLOAN |
||
| 999 |
_c3934 _d3934 |
||